| 000 | 00545nam a22002057a 4500 | ||
|---|---|---|---|
| 003 | OSt | ||
| 005 | 20220107122837.0 | ||
| 008 | 180301b xxu||||| |||| 00| 0 eng d | ||
| 020 | _a9789352604180 | ||
| 040 | _cIIITMK | ||
| 082 | _a006.312 MAH/D | ||
| 100 |
_aMaheshwari, Anil _913745 |
||
| 245 | _aData analytics | ||
| 260 |
_aChennai, _bMcGraw Hill Education (India) Pvt. Ltd., _c2017. |
||
| 300 | _axviii, 250p. | ||
| 650 |
_aCOMPUTER SCIENCE _913819 |
||
| 650 |
_aDATA ANALYTICS _913820 |
||
| 650 |
_aDATA MINING _913821 |
||
| 942 |
_2ddc _cBK |
||
| 999 |
_c5995 _d5995 |
||